Object-oriented application development using java / (Record no. 35605)

MARC details
000 -LEADER
fixed length control field 00572nam a22001817a 4500
005 - DATE AND TIME OF LATEST TRANSACTION
control field 20240426125251.0
008 - FIXED-LENGTH DATA ELEMENTS--GENERAL INFORMATION
fixed length control field 240426b |||||||| |||| 00| 0 eng d
020 ## - INTERNATIONAL STANDARD BOOK NUMBER
ISBN 9780619035655
082 ## - DEWEY DECIMAL CLASSIFICATION NUMBER
Classification number 005.133
Item number DOK-O
100 ## - MAIN ENTRY--AUTHOR
Author Name EDoke, Reed E
245 ## - TITLE STATEMENT
Title Object-oriented application development using java /
Statement of responsibility, etc. John W.Satzinger, Sausan Rebstock Williams
260 ## - PUBLICATION, DISTRIBUTION, ETC.
Place of Publication india:
Name of publisher, distributor, etc. Cengage learning;
Date of publication, distribution, etc. 2002.
300 ## - PHYSICAL DESCRIPTION
Pages 709 p. :
500 ## - GENERAL NOTE
General note include index.
650 ## - SUBJECT ADDED ENTRY--TOPICAL TERM
Subject / Department computer science/ Java programming Language
700 ## - ADDED ENTRY--PERSONAL NAME
Personal name John W.Satzinger
300 ## - PHYSICAL DESCRIPTION
-- ill;
-- 24 cm.
952 ## - LOCATION AND ITEM INFORMATION (KOHA)
-- 0
-- 0
Holdings
Lost status Damaged status Collection code Permanent Location Current Location Shelving Location Date acquired Full Call Number Accession No./Barcode Date last seen item type Koha item type
    CS/IT Superior Information Resource Center (SIRC) Superior University- Gold Campus Superior Information Resource Center (SIRC) Superior University- Gold Campus Java programming language 04/26/2024 005.133 DOK-O 16081 16081 04/26/2024 BOOK BOOK

Powered by Koha